| 000 | 005390000a22001810004500 | ||
|---|---|---|---|
| 090 |
_aAR _b01866 |
||
| 245 | 1 | 0 | _aSpondias mombin is culturally deprived in megafauna-free forest |
| 650 | 1 | 4 |
_aMegafauna _994722 |
| 650 | 1 | 4 |
_aDispersión de semillas _992588 |
| 650 | 1 | 4 |
_aBosques deciduos _994030 |
| 650 | 1 | 4 |
_aFrugivoría _97233 |
| 650 | 1 | 4 |
_aHerbivoría _993852 |
| 651 | 4 |
_pCosta Rica _992749 |
|
| 041 | 0 | _aInglés | |
| 100 | 1 |
_aJanzen, Daniel H. _93808 |
|
| 942 | _cARTICULO | ||
| 773 | 1 |
_tJournal of Tropical Ecology _312 _h1 _q131-155 _d1985 |
|
| 999 |
_c10943 _d10943 |
||